| 000 | 00927nam a22002177a 4500 | ||
|---|---|---|---|
| 003 | BUBTL | ||
| 008 | 211213b ||||| |||| 00| 0 eng d | ||
| 020 | _a9847020002420 | ||
| 082 | _a954.925/ R1293b/ 2017 | ||
| 100 |
_94463 _aরহমান, মোহাম্মদ জিল্লুর |
||
| 245 |
_aবঙ্গবন্ধু ও বাংলাদেশ / _cমোহাম্মদ জিল্লুর রহমান |
||
| 250 | _a1st Edn. | ||
| 260 |
_aঢাকা: _bহাতেখড়ি, _cc2017 |
||
| 300 |
_a480 p. : _c22 cm. |
||
| 505 | _aবঙ্গবন্ধু ও বাংলাদেশ, বঙ্গবন্ধু, বাংলাদেশ, মোহাম্মদ জিল্লুর রহমান | ||
| 650 | 0 |
_93574 _aবঙ্গবন্ধু |
|
| 650 | 0 |
_94372 _aBangabandhu |
|
| 856 |
_k0 _l0 _yDownload |
||
| 942 |
_2ddc _cBK |
||
| 999 |
_c6614 _d6614 |
||